Capitali dell'Oceania - Map Quiz - Statistics

Statistiche generali
  • Questo quiz è stato fatto 135 volte
  • Il punteggio medio è 6 su 14
Risposte nella Mappa
Le risposte nella mappa del quiz sottostante sono codificate secondo una scala di colori dal rosso al verde in base alla % di persone che hanno risposto correttamente.
 
Statistiche sulle risposte
Risposta % Corretto
Canberra
90%
Wellington
88%
Port Moresby
78%
Apia
47%
Suva
42%
Honiara
41%
Sud Tarawa
37%
Yaren
36%
Funafuti
34%
Palikir
34%
Port Vila
34%
Majuro
32%
Ngerulmud
32%
Nukuʻalofa
19%
Nessun quiz corrispondente trovato
Distribuzione punteggi
Percentuale di utenti per punteggio
Percentile per numero di risposta
I tuoi punteggi nel tempo
Non hai fatto questo quiz